[Event "SWE-chT2 1011"]
[Site "Sweden"]
[Date "2010.11.13"]
[Round "2"]
[White "Tairi, Faruk"]
[Black "Enstrom, Henrik"]
[Result "1-0"]
[WhiteElo "2298"]
[BlackElo "2066"]
[PlyCount "59"]
[EventDate "2010.10.23"]
[EventType "team-tourn"]
[EventRounds "9"]
[EventCountry "SWE"]
[SourceTitle "EXT 2012"]
[Source "ChessBase"]
[SourceDate "2011.11.24"]
[SourceVersion "1"]
[SourceVersionDate "2011.11.24"]
[SourceQuality "1"]
[WhiteTeam "Malmo"]
[BlackTeam "Majorna"]
[WhiteTeamCountry "SWE"]
[BlackTeamCountry "SWE"]

1. e4 d6 2. d4 Nf6 3. Nc3 g6 4. f4 Bg7 5. Nf3 c5 6. Bb5+ Bd7 7. e5 Ng4 8. Bxd7+ Qxd7 9. d5 dxe5 10. h3 e4 11. hxg4 exf3 12. Qxf3 Na6 13. Bd2 0-0-0 14. 0-0-0 Nc7 15. Be1 f5 16. gxf5 gxf5 17. Kb1 e6 18. Bh4 Rdg8 19. d6 Na6 20. Qd3 h6 21. Qc4 Rh7 22. Nb5 Kb8 23. Rhe1 Re8 24. Be7 Bh8 25. Nc7 Rhxe7 26. Nxa6+ bxa6 27. dxe7 Qxe7 28. Qxa6 Qb7 29. Qxb7+ Kxb7 30. Rd7+ 1-0

[Event "SWE-chT2 1011"]
[Site "Sweden"]
[Date "2010.10.24"]
[Round "1"]
[White "Tairi, Faruk"]
[Black "Sixtensson, Mikael"]
[Result "1-0"]
[WhiteElo "2298"]
[BlackElo "2204"]
[PlyCount "59"]
[EventDate "2010.10.23"]
[EventType "team-tourn"]
[EventRounds "9"]
[EventCountry "SWE"]
[SourceTitle "EXT 2012"]
[Source "ChessBase"]
[SourceDate "2011.11.24"]
[SourceVersion "1"]
[SourceVersionDate "2011.11.24"]
[SourceQuality "1"]
[WhiteTeam "Malmo"]
[BlackTeam "Mark"]
[WhiteTeamCountry "SWE"]
[BlackTeamCountry "SWE"]

1. e4 g6 2. d4 c5 3. Nf3 cxd4 4. Nxd4 Bg7 5. Nc3 Nc6 6. Be3 Nf6 7. Bc4 0-0 8. Bb3 d6 9. f3 Qa5 10. Qd2 Nxd4 11. Bxd4 Be6 12. 0-0-0 Rfc8 13. Kb1 b5 14. Rhe1 Bxb3 15. cxb3 b4 16. Bxf6 bxc3 17. Bxc3 Bxc3 18. bxc3 Rxc3 19. Re3 Rac8 20. Rxc3 Rxc3 21. Kb2 Rc5 22. Qxa5 Rxa5 23. b4 Rb5 24. Kb3 Kg7 25. a4 Rb7 26. b5 f5 27. Kb4 fxe4 28. fxe4 Rc7 29. a5 Rb7 30. b6 1-0

[Event "ISL-chT 0910"]
[Site "Reykjavik"]
[Date "2009.09.25"]
[Round "1"]
[White "Thorhallsson, Throstur"]
[Black "Tairi, Faruk"]
[Result "1/2-1/2"]
[WhiteElo "2433"]
[BlackElo "2298"]
[PlyCount "47"]
[EventDate "2009.09.25"]
[EventType "team-tourn"]
[EventRounds "7"]
[EventCountry "ISL"]
[SourceTitle "CBM 132 Extra"]
[Source "ChessBase"]
[SourceDate "2009.11.03"]
[SourceVersion "1"]
[SourceVersionDate "2009.11.03"]
[SourceQuality "1"]

1. e4 c5 2. Nf3 d6 3. d4 cxd4 4. Nxd4 Nf6 5. Nc3 g6 6. Be2 Bg7 7. 0-0 Nc6 8. Nb3 0-0 9. Bg5 a6 10. a4 Be6 11. Kh1 Na5 12. Nd4 Bc4 13. Bxc4 Nxc4 14. b3 Na5 15. Qd3 Nc6 16. Nxc6 bxc6 17. Rad1 Qa5 18. Bd2 Qc7 19. Qc4 Qb7 20. Bg5 Rad8 21. Qe2 h6 22. Bd2 e5 23. Qf3 Kh7 24. Bc1 1/2-1/2

[Event "SWE-chT 0708"]
[Site "Sweden"]
[Date "2008.02.02"]
[Round "7"]
[White "Tairi, Faruk"]
[Black "Lund, Silas"]
[Result "1/2-1/2"]
[WhiteElo "2461"]
[BlackElo "2474"]
[PlyCount "52"]
[EventDate "2007.10.19"]
[EventType "team-tourn"]
[EventRounds "11"]
[EventCountry "SWE"]
[SourceTitle "EXT 2009"]
[Source "ChessBase"]
[SourceDate "2008.11.26"]
[SourceVersion "1"]
[SourceVersionDate "2008.11.26"]
[SourceQuality "1"]
[WhiteTeam "Astorp"]
[BlackTeam "Lund"]
[WhiteTeamCountry "SWE"]
[BlackTeamCountry "SWE"]

1. e4 e5 2. Nf3 Nc6 3. d4 exd4 4. Bc4 Nf6 5. e5 Ng4 6. 0-0 d6 7. exd6 Bxd6 8. Re1+ Kf8 9. h3 Nge5 10. Bb3 Qf6 11. Nbd2 Nxf3+ 12. Nxf3 h6 13. c3 dxc3 14. bxc3 Bf5 15. Qe2 Qxc3 16. Bd2 Qd3 17. Qd1 Re8 18. Rxe8+ Kxe8 19. Rc1 Nd4 20. Nxd4 Qxd4 21. Rc4 Qd3 22. Rc3 Qb1 23. Rc1 Qe4 24. Rc4 Qb1 25. Rc1 Qe4 26. Rc4 Qb1 1/2-1/2

[Event "Malmo Masters 1st"]
[Site "Malmo"]
[Date "2003.08.06"]
[Round "9"]
[White "Berg, Emanuel"]
[Black "Tairi, Faruk"]
[Result "1-0"]
[WhiteElo "2495"]
[BlackElo "2245"]
[PlyCount "89"]
[EventDate "2003.07.28"]
[EventType "tourn"]
[EventRounds "9"]
[EventCountry "SWE"]
[EventCategory "9"]
[SourceTitle "CBM 097"]
[Source "ChessBase"]
[SourceDate "2003.11.11"]
[SourceVersion "1"]
[SourceVersionDate "2003.11.11"]
[SourceQuality "1"]

1. e4 c5 2. b3 Nc6 3. Bb2 e5 4. Bb5 Nge7 5. Ne2 Ng6 6. Nbc3 Nd4 7. Nxd4 cxd4 8. Nd5 Bc5 9. b4 Bb6 10. 0-0 0-0 11. f4 exf4 12. Bd3 d6 13. Nxf4 Ne5 14. Qe1 a5 15. a3 Qg5 16. Qf2 Bd7 17. Nd5 Ba7 18. Qf4 Qxf4 19. Rxf4 a4 20. Ne7+ Kh8 21. Nf5 g5 22. Rff1 Bxf5 23. Rxf5 f6 24. Raf1 Kg7 25. Bb5 d3+ 26. Kh1 dxc2 27. d4 Ng4 28. R5f3 Rac8 29. Rc1 Rc7 30. Bxa4 Rfc8 31. h3 Nh6 32. Rf2 Re7 33. Rfxc2 Rf8 34. Rc7 Rff7 35. Rxe7 Rxe7 36. Rc8 g4 37. Kh2 gxh3 38. Kxh3 Nf7 39. Bc2 Bb6 40. a4 Ng5+ 41. Kg3 Ne6 42. d5 Ng5 43. Kf4 Bf2 44. Kf5 Rf7 45. Bd1 1-0

[Event "Malmo Masters 1st"]
[Site "Malmo"]
[Date "2003.08.01"]
[Round "5"]
[White "McShane, Luke J"]
[Black "Tairi, Faruk"]
[Result "1-0"]
[WhiteElo "2619"]
[BlackElo "2245"]
[PlyCount "57"]
[EventDate "2003.07.28"]
[EventType "tourn"]
[EventRounds "9"]
[EventCountry "SWE"]
[EventCategory "9"]
[SourceTitle "CBM 097"]
[Source "ChessBase"]
[SourceDate "2003.11.11"]
[SourceVersion "1"]
[SourceVersionDate "2003.11.11"]
[SourceQuality "1"]

1. e4 c5 2. Nf3 d6 3. d4 cxd4 4. Nxd4 Nf6 5. f3 Nc6 6. c4 Qb6 7. Nc2 g6 8. Nc3 Bg7 9. Be2 0-0 10. Bd2 e6 11. Rb1 d5 12. cxd5 exd5 13. exd5 Nd4 14. Nxd4 Qxd4 15. Bg5 Qb6 16. Qb3 Qd6 17. 0-0 h6 18. Bh4 Nh5 19. Bf2 Be5 20. g3 Bxg3 21. hxg3 Nxg3 22. Rfe1 Qf4 23. Ne4 Nf5 24. Qc3 f6 25. Nxf6+ Rxf6 26. Qxf6 Bd7 27. Bd3 Rf8 28. Qxg6+ Kh8 29. Re7 1-0

[Event "Malmo Masters 1st"]
[Site "Malmo"]
[Date "2003.07.28"]
[Round "1"]
[White "Hellsten, Johan"]
[Black "Tairi, Faruk"]
[Result "1-0"]
[WhiteElo "2511"]
[BlackElo "2245"]
[PlyCount "139"]
[EventDate "2003.07.28"]
[EventType "tourn"]
[EventRounds "9"]
[EventCountry "SWE"]
[EventCategory "9"]
[SourceTitle "CBM 097"]
[Source "ChessBase"]
[SourceDate "2003.11.11"]
[SourceVersion "1"]
[SourceVersionDate "2003.11.11"]
[SourceQuality "1"]

1. d4 Nf6 2. c4 g6 3. Nc3 Bg7 4. Bg5 0-0 5. e4 d6 6. Qd2 Nbd7 7. f3 a6 8. Nh3 c6 9. Rd1 Qa5 10. Nf2 b5 11. a3 Rb8 12. cxb5 axb5 13. Be2 b4 14. axb4 Qxb4 15. Nd3 Qxd4 16. Be3 Qc4 17. Ne5 Nxe5 18. Bxc4 Nxc4 19. Qe2 Be6 20. Bc1 Rb3 21. f4 Nb6 22. 0-0 Nfd7 23. Be3 Rb4 24. Qf2 c5 25. h3 Nc4 26. Bc1 Ncb6 27. Rfe1 Bb3 28. Rd3 Bc4 29. Rf3 e6 30. Kh1 Bb3 31. Nb1 Ba2 32. Nd2 c4 33. Ra3 Bb3 34. Nxb3 cxb3 35. Bd2 Rb5 36. Qe2 Bxb2 37. Qxb5 Bxa3 38. Qxb3 Bc5 39. Be3 Bxe3 40. Qxe3 d5 41. Rb1 dxe4 42. Rxb6 Nxb6 43. Qxb6 Rc8 44. Kh2 Rc4 45. Qa6 Rc5 46. Qa8+ Kg7 47. Qxe4 Rd5 48. g3 h6 49. Qc4 h5 50. Qc3+ Kg8 51. Kg2 Rf5 52. Qc7 Kg7 53. Qe7 Kg8 54. Qd7 Kg7 55. Kf3 g5 56. Qd4+ Kg6 57. Qh8 gxf4 58. Qg8+ Kf6 59. g4 hxg4+ 60. hxg4 Rd5 61. Kxf4 Rd4+ 62. Kg3 Rd5 63. Kh4 Ke7 64. Qg7 Rb5 65. Qc3 Rd5 66. g5 Rf5 67. Kh5 f6 68. Qc7+ Ke8 69. Kg6 fxg5 70. Qd6 1-0

[Event "SWE-chT 0001"]
[Site "Sweden"]
[Date "2001.03.03"]
[Round "8"]
[White "Tairi, Faruk"]
[Black "Eklund, Lars Goran"]
[Result "1-0"]
[WhiteElo "2311"]
[BlackElo "2312"]
[PlyCount "107"]
[EventDate "2000.10.13"]
[EventType "team-tourn"]
[EventRounds "11"]
[EventCountry "SWE"]
[SourceTitle "EXT 2006"]
[Source "ChessBase"]
[SourceDate "2005.11.24"]
[SourceVersion "1"]
[SourceVersionDate "2005.11.24"]
[SourceQuality "1"]
[WhiteTeam "Kirsebergs"]
[BlackTeam "Skara"]
[WhiteTeamCountry "SWE"]
[BlackTeamCountry "SWE"]

1. e4 d5 2. exd5 Qxd5 3. Nc3 Qa5 4. d4 Nf6 5. Nf3 c6 6. Bc4 Bf5 7. Bd2 e6 8. Nd5 Qd8 9. Nxf6+ Qxf6 10. Qe2 Bg4 11. d5 Bxf3 12. gxf3 cxd5 13. Bxd5 Nc6 14. Bxc6+ bxc6 15. Qe4 Rc8 16. 0-0-0 Ba3 17. c3 Bc5 18. Rhg1 0-0 19. Bg5 Qg6 20. Qh4 Kh8 21. b4 Qf5 22. bxc5 Rb8 23. Be3 Qb1+ 24. Kd2 Rb2+ 25. Ke1 Qc2 26. Qc4 Rb1 27. Qe2 Rxd1+ 28. Qxd1 Qxc3+ 29. Kf1 Qc4+ 30. Qe2 Qd5 31. Rg5 e5 32. Kg1 h6 33. Rg4 Rb8 34. Rc4 a5 35. Rc2 Qe6 36. Qd3 Rb4 37. a3 Rb7 38. Rc1 Rd7 39. Qc4 Qf6 40. Qg4 Qd8 41. Qf5 Qe7 42. Kh1 g6 43. Qe4 Qf6 44. Rb1 Kh7 45. Rb6 Qe6 46. Kg2 Rd5 47. Qa4 e4 48. Qxe4 Re5 49. Qxc6 Qa2 50. Qf6 Rf5 51. Qd4 Qe2 52. Qe4 h5 53. Rb8 Qd1 54. h4 1-0

[Event "SWE-chT 0001"]
[Site "Sweden"]
[Date "2000.10.14"]
[Round "2"]
[White "Tairi, Faruk"]
[Black "Bator, Robert"]
[Result "1/2-1/2"]
[WhiteElo "2291"]
[BlackElo "2463"]
[PlyCount "79"]
[EventDate "2000.10.13"]
[EventType "team-tourn"]
[EventRounds "11"]
[EventCountry "SWE"]
[SourceTitle "EXT 2006"]
[Source "ChessBase"]
[SourceDate "2005.11.24"]
[SourceVersion "1"]
[SourceVersionDate "2005.11.24"]
[SourceQuality "1"]
[WhiteTeam "Kirsebergs"]
[BlackTeam "Stockholm Rockaden"]
[WhiteTeamCountry "SWE"]
[BlackTeamCountry "SWE"]

1. e4 c5 2. Nf3 d6 3. d4 cxd4 4. Nxd4 e5 5. Bb5+ Nd7 6. Nf5 a6 7. Bxd7+ Qxd7 8. Nc3 Qc6 9. Ne3 Be6 10. 0-0 Ne7 11. Qd3 g6 12. Rd1 Rd8 13. Ned5 Bxd5 14. Nxd5 Nxd5 15. Qxd5 Rc8 16. c3 Qxd5 17. Rxd5 Rc4 18. f3 f5 19. exf5 gxf5 20. Be3 Kf7 21. Rad1 Ke6 22. Kf2 Be7 23. Bb6 Rhc8 24. Ke2 h5 25. R1d3 Rg8 26. Kf2 Rc6 27. Ba5 e4 28. Rd1 e3+ 29. Kxe3 Rxg2 30. R5d2 Rxd2 31. Rxd2 d5 32. a3 Bg5+ 33. f4 Bf6 34. Bb4 b6 35. Bf8 Rc4 36. Kf3 Re4 37. Re2 Bd8 38. Bh6 b5 39. Rg2 Bf6 40. Bg7 1/2-1/2

[Event "Limhamn op"]
[Site "Limhamn"]
[Date "1998.??.??"]
[Round "?"]
[White "Brynell, Stellan"]
[Black "Tairi, Faruk"]
[Result "1-0"]
[WhiteElo "2475"]
[BlackElo "2245"]
[PlyCount "75"]
[EventDate "1998.??.??"]
[EventType "swiss"]
[EventRounds "7"]
[EventCountry "SWE"]
[SourceTitle "EXT 1999"]
[Source "ChessBase"]
[SourceDate "1998.11.16"]
[SourceVersion "1"]
[SourceVersionDate "1998.11.16"]
[SourceQuality "1"]

1. e4 e5 2. Nf3 d6 3. Bc4 Be7 4. d3 Nf6 5. c3 0-0 6. 0-0 Bg4 7. Re1 Nbd7 8. Nbd2 c6 9. Bb3 Re8 10. Nf1 Bh5 11. Ng3 Bg6 12. Nh4 d5 13. Qf3 Qa5 14. Nhf5 Bf8 15. h4 h6 16. h5 Bh7 17. a3 Rad8 18. Bc2 Re6 19. b4 Qc7 20. Bb3 a5 21. Bb2 b5 22. Rad1 a4 23. Ba2 Nb6 24. Bc1 c5 25. Be3 c4 26. Bxb6 Rxb6 27. exd5 Rxd5 28. Bb1 cxd3 29. Bxd3 e4 30. Bxe4 Rxd1 31. Rxd1 Nxe4 32. Qxe4 Rf6 33. Qe8 Re6 34. Qa8 Bxf5 35. Rd8 Re1+ 36. Kh2 Bc8 37. Rxc8 Qe7 38. Nf5 1-0

[Event "Limhamn op"]
[Site "Limhamn"]
[Date "1998.??.??"]
[Round "?"]
[White "Tairi, Faruk"]
[Black "Hall, Jesper"]
[Result "0-1"]
[WhiteElo "2245"]
[BlackElo "2460"]
[PlyCount "48"]
[EventDate "1998.??.??"]
[EventType "swiss"]
[EventRounds "7"]
[EventCountry "SWE"]
[SourceTitle "EXT 1999"]
[Source "ChessBase"]
[SourceDate "1998.11.16"]
[SourceVersion "1"]
[SourceVersionDate "1998.11.16"]
[SourceQuality "1"]

1. e4 e6 2. d4 d5 3. Nd2 Nc6 4. Ngf3 Nf6 5. e5 Ng4 6. h3 Nh6 7. Be2 f6 8. exf6 Qxf6 9. Nf1 Nf7 10. Ne3 g5 11. a3 Bg7 12. c3 Bd7 13. b3 0-0-0 14. Bb2 h5 15. Qc2 e5 16. dxe5 Nfxe5 17. Nxe5 Qxe5 18. 0-0-0 Be6 19. Bf3 d4 20. Bxc6 dxe3 21. Bf3 g4 22. hxg4 hxg4 23. Rxh8 Rxh8 24. Be4 exf2 0-1